Principi di economia politica

Saved in:
Bibliographic Details
Main Author: Supino, Camillo, 1860-1931.
Format: Book
Language:Italian
Published: Napoli, Luigi Pierro, Tip.-ed., [etc.] 1904.
Subjects:
Tags: Add Tag
No Tags, Be the first to tag this record!
LEADER 00507nam a2200181K 4500
001 006706685-2
005 20020606163548.3
008 930218s1904 it 000 0 ita d
035 0 |a ocm27467599 
040 |a CUY  |c CUY  |d HLS 
090 |a HB177  |b .S8 
100 1 |a Supino, Camillo,  |d 1860-1931. 
245 0 0 |a Principi di economia politica  |c di Camillo Supino ... 
260 |a Napoli,  |b Luigi Pierro, Tip.-ed., [etc.]  |c 1904. 
300 |a xi, [1], 501 p.  |c 19 cm. 
650 0 |a Economics. 
988 |a 20020608 
906 |0 OCLC